[Event "Asian Schools-ch U15 12th Blitz"]
[Site "Tehran"]
[Date "2016.07.16"]
[Round "8.4"]
[White "Torshizi Ghorbani, Mohammad Hoss"]
[Black "Lahiru, NPG Sithija"]
[Result "1-0"]
[WhiteElo "1918"]
[BlackElo "1548"]
[PlyCount "61"]
[EventDate "2016.07.16"]
[EventType "swiss"]
[EventRounds "9"]
[EventCountry "IRI"]
[SourceTitle "EXT 2024"]
[Source "ChessBase"]
[SourceDate "2023.10.10"]
[SourceVersion "1"]
[SourceVersionDate "2023.10.10"]
[SourceQuality "1"]

1. e4 d5 2. exd5 Qxd5 3. d4 Nf6 4. c4 Qd6 5. Nc3 c6 6. Nf3 Bg4 7. Be3 e6 8. h3 Bh5 9. Be2 Nbd7 10. 0-0 Qc7 11. Rc1 Bd6 12. d5 e5 13. dxc6 bxc6 14. Bd3 Nc5 15. Bxc5 Bxc5 16. Ne4 Nxe4 17. Bxe4 0-0 18. Qa4 Rac8 19. b4 f5 20. bxc5 fxe4 21. Ng5 Qe7 22. Nxe4 Rc7 23. Rb1 Qh4 24. Ng3 Bg6 25. Qa5 Rcf7 26. Rb2 Bd3 27. Rd1 Bxc4 28. Qc3 Qf4 29. Re1 Re7 30. Re4 Qg5 31. Qxc4+ 1-0

[Event "Asian Schools-ch U15 12th Rapid"]
[Site "Tehran"]
[Date "2016.07.10"]
[Round "2.4"]
[White "Hakemi, Arman"]
[Black "Torshizi Ghorbani, Mohammad Hoss"]
[Result "1-0"]
[WhiteElo "1964"]
[BlackElo "1791"]
[PlyCount "98"]
[EventDate "2016.07.10"]
[EventType "swiss"]
[EventRounds "7"]
[EventCountry "IRI"]
[SourceTitle "EXT 2024"]
[Source "ChessBase"]
[SourceDate "2023.10.10"]
[SourceVersion "1"]
[SourceVersionDate "2023.10.10"]
[SourceQuality "1"]

1. d4 d5 2. Nf3 c6 3. e3 Bf5 4. c4 e6 5. Nc3 Nf6 6. Nh4 Bg6 7. Nxg6 hxg6 8. Qb3 Qc7 9. Bd2 Nbd7 10. g3 Bd6 11. Bg2 Ng4 12. h3 Ngf6 13. Rc1 dxc4 14. Qxc4 Nb6 15. Qd3 a6 16. 0-0 0-0-0 17. a3 g5 18. b4 g4 19. h4 g5 20. hxg5 Nh7 21. Ne4 Be7 22. b5 axb5 23. Ba5 Nxg5 24. Nxg5 Bxg5 25. a4 b4 26. Bxc6 bxc6 27. Qa6+ Kd7 28. Bxb6 Qd6 29. Qb7+ Ke8 30. Bxd8 Bxd8 31. Qxc6+ Ke7 32. Qxd6+ Kxd6 33. Rc4 Ba5 34. Rc5 Ra8 35. Rfc1 b3 36. Rb5 Bc7 37. Rxb3 Rxa4 38. Rbc3 Ba5 39. Rc6+ Kd5 40. Ra6 Ke4 41. Kg2 Ra3 42. Rc5 Bb4 43. Rxa3 Bxa3 44. Re5+ Kd3 45. Rg5 Bb4 46. Rxg4 Ke2 47. Rg7 f5 48. g4 Be1 49. gxf5 exf5 1-0